| 000 | 00970cam a22003013a 4500 | ||
|---|---|---|---|
| 001 | 0000676 | ||
| 003 | DO-SdBPM | ||
| 005 | 20241203083822.0 | ||
| 007 | 0000676 | ||
| 008 | 8611122009 mx a 000 0 spa d | ||
| 010 | _a | ||
| 020 | _a9786071100269 | ||
| 040 |
_aDO-SdBPM _cspa _dBPMSU _d |
||
| 082 | 4 |
_a235.3 _bA843a 2009 _222 |
|
| 100 | 1 | _aAspra, Lucy | |
| 245 | 1 | 0 |
_aÁngeles y extraterrestres : _bseres de luz y oscuridad en una obra que revela las dimensiones desconocidas / _cLucy Aspra |
| 260 |
_aMéxico : _bSantillana ediciones generales, _c2009. _b |
||
| 300 |
_a287 p. ; _c23 cm. |
||
| 490 | 0 | _aEspiritualidad | |
| 500 | _aIncluye referencias bibliográficas y notas a pie de las páginas. | ||
| 504 | _aBibliografía p: 279-287 | ||
| 590 | _aInventariado, 2024/VM | ||
| 650 | 4 |
_aÁngeles _xVida espiritual |
|
| 650 | 4 | _aExtraterrestres | |
| 650 | 4 | _aCuriosidades y enigmas | |
| 910 | _aVMateo V. Control de calidad. BPMSU | ||
| 942 |
_2ddc _cBK |
||
| 999 |
_c11389 _d11389 |
||